Introducción a la contabilidad de costos (Registro nro. 1780)

Detalles MARC
000 -LEADER
fixed length control field 01269 a2200229 4500
001 - CONTROL NUMBER
control field 28990
005 - DATE AND TIME OF LATEST TRANSACTION
control field 20260407155559.0
008 - FIXED-LENGTH DATA ELEMENTS--GENERAL INFORMATION
fixed length control field 260407a1964 arg spa d
003 - CONTROL NUMBER IDENTIFIER
control field AR-UNSa-BCEJYS
040 ## - CATALOGING SOURCE
Original cataloging agency AR-UNSa-BCEJYS
Language of cataloging spa
Transcribing agency AR-UNSa-BCEJYS
080 ## - UNIVERSAL DECIMAL CLASSIFICATION NUMBER
Universal Decimal Classification number 657
Common auxiliary subdivision Contabilidad
041 ## - LANGUAGE CODE
Language code of text/sound track or separate title spa
100 1# - MAIN ENTRY--PERSONAL NAME
Personal name Gillespie, Cecil Merle
245 10 - TITLE STATEMENT
Title Introducción a la contabilidad de costos
250 ## - EDITION STATEMENT
Edition statement 2a. ed.
264 #1 - PRODUCTION, PUBLICATION, DISTRIBUTION, MANUFACTURE, AND COPYRIGHT NOTICE
Place of production, publication, distribution, manufacture México :
Name of producer, publisher, distributor, manufacturer Unión Tipográfica Editorial Hispano-Americana (UTEHA)
Date of production, publication, distribution, manufacture, or copyright notice 1964
300 ## - PHYSICAL DESCRIPTION
Extent 386 p.
Dimensions 25 cm.
505 ## - FORMATTED CONTENTS NOTE
Formatted contents note 1. La contabilidad de costos y sus aplicaciones - 2. Contabilidad de los materiales - 3. Contabilidad del trabajo - 4. Contabildad de gastos de fabrica - 5. Cuotas hora-máquina - 6. Costos de los artículos fabricados. Costo de los artículos vendidos - 7. Cuentas de control - 8. Cierre de los libros. Preparación de estados financieros y de costos - 9. Gastos de fábrica por departamentos - 10. Procedimiento del costo estimado - 11. Costos por procesos - 12. Costos estandár - 13. Método de productos conexos y método de subproductos. Desperdicio. Avería - 14. Análisis de gastos en la organizaciones de ventas
590 ## - LOCAL NOTE (RLIN)
Local note niveau_biblio:m niveau_hierar:0
700 1# - ADDED ENTRY--PERSONAL NAME
Personal name Alatriste, Sealtiel
942 ## - ADDED ENTRY ELEMENTS (KOHA)
Koha item type
Existencias
Withdrawn status Lost status Damaged status Not for loan Home library Current library Shelving location Date acquired Total checkouts Full call number Barcode Date last seen Price effective from Koha item type
        Biblioteca Prof. Eusebio Cleto del Rey Biblioteca Prof. Eusebio Cleto del Rey   07/04/2026   657 H658 v.6 2ed. L21904 07/04/2026 07/04/2026 Libro
        Biblioteca Prof. Eusebio Cleto del Rey Biblioteca Prof. Eusebio Cleto del Rey   07/04/2026   657 H658 v.6 2ed. L20139 07/04/2026 07/04/2026 Libro